Requirements for energy performance certificates (EPCs) when marketing homes for sale or let (Record no. 108792)

MARC details
000 -LEADER
fixed length control field 01246cad a22002415a 4500
001 - CONTROL NUMBER
control field L145436
008 - FIXED-LENGTH DATA ELEMENTS--GENERAL INFORMATION
fixed length control field 110419s20081003xxk f f000 0 eng d
020 ## - INTERNATIONAL STANDARD BOOK NUMBER
International Standard Book Number 9781409805755
035 ## - SYSTEM CONTROL NUMBER
System control number (Sirsi) u145436
041 0# - LANGUAGE CODE
Language code of text/sound track or separate title eng
050 04 - LIBRARY OF CONGRESS CALL NUMBER
Classification number 333.33 $2 18
110 2# - MAIN ENTRY--CORPORATE NAME
Corporate name or jurisdiction name as entry element United Kingdom
Subordinate unit Department for Communities and Local Government
9 (RLIN) 4939
245 00 - TITLE STATEMENT
Title Requirements for energy performance certificates (EPCs) when marketing homes for sale or let
Medium [electronic resource]
260 ## - PUBLICATION, DISTRIBUTION, ETC.
Place of publication, distribution, etc. London
Name of publisher, distributor, etc. DCLG
Date of publication, distribution, etc. 2008
505 2# - FORMATTED CONTENTS NOTE
Formatted contents note Sales of homes requiring a home improvement pack (HIP) -- Homes already on the market and homes not requiring a HIP -- Letting a home -- Q&A
520 ## - SUMMARY, ETC.
Summary, etc. Describes the scope and requirements of the regulations applying to Energy Performance Certificates (EPCs) when homes are being sold or let and offers guidance on how these are applied.
521 ## - TARGET AUDIENCE NOTE
Target audience note Advanced
590 ## - LOCAL NOTE (RLIN)
Local note KA NTK
651 #4 - SUBJECT ADDED ENTRY--GEOGRAPHIC NAME
Geographic name United Kingdom
Chronological subdivision
690 ## - LOCAL SUBJECT ADDED ENTRY--TOPICAL TERM (OCLC, RLIN)
Topical term or geographic name as entry element ENVIRONMENTAL AND LAND CONSULTANCY-ENERGY-ENERGY USE-ENERGY EFFICIENCY
856 40 - ELECTRONIC LOCATION AND ACCESS
Uniform Resource Identifier <a href="https://tna.europarchive.org/20100519231747/http://www.communities.gov.uk/publications/planningandbuilding/epcrequirements">https://tna.europarchive.org/20100519231747/http://www.communities.gov.uk/publications/planningandbuilding/epcrequirements</a>
Public note View the item free of charge online at http://tna.europarchive.org
942 ## - ADDED ENTRY ELEMENTS (KOHA)
Suppress in OPAC 0
Holdings
Withdrawn status Lost status Source of classification or shelving scheme Damaged status Not for loan Home library Current library Shelving location Date acquired Total Checkouts Full call number Barcode Date last seen Copy number Price effective from Koha item type
    Dewey Decimal Classification     Virtual Virtual Online 09/10/2008   ONLINE PUBLICATION 145436-1001 06/08/2019 1 06/08/2019 Book